Statistics for Characters in Tolkien's Legendarium

Click here to take the quiz!

General Stats

  • This quiz has been taken 1,329 times
    (1,304 since last reset)
  • The average score is 153 of 337

Answer Stats

First LetterRaceCharacter% Correct
ADúnedainAragorn II
97%
BEasterlingBór
93%
CIstariCurunír
93%
MIstariMithrandir
93%
FPeriannathFrodo Baggins
92%
LSindarinLegolas
92%
EPeredhilElrond Half-elven
91%
SMaiarSauron
91%
GNoldorinGaladriel
90%
MPeriannathMeriadoc Brandybuck
90%
PPeriannathPeregrin Took
90%
SPeriannathSamwise Gamgee
90%
BManBoromir
89%
BPeriannathBilbo Baggins
88%
GNaugrimGimli
88%
FManFaramir
87%
FPeriannathFaramir Took
87%
APeredhilArwen Undómiel
86%
TNaugrimThorin I
86%
TNaugrimThorin III Stonehelm
86%
TNaugrimThorin II Oakenshield
86%
AIstariAiwendil
85%
GNaugrimGlóin
84%
TUnknownTom Bombadil
84%
DLaiquendiDenethor
83%
DManDenethor II
83%
EManÉowyn
83%
FEntFangorn
83%
SFire-DrakeSmaug
82%
CSindarinCeleborn
81%
FNaugrimFíli
81%
KNaugrimKíli
81%
MValarMelkor
81%
EManÉomer Éadig
80%
INúmenóreanIsildur
80%
TManThéoden Ednew
80%
TTrollTom
80%
ADúnedainArathorn II
79%
BNaugrimBalin
79%
SStoorSméagol
79%
BNaugrimBombur
78%
DNaugrimDurin II
78%
DNaugrimDurin III
78%
DNaugrimDurin IV
78%
DNaugrimDurin the Deathless
78%
DNaugrimDurin V
78%
DNaugrimDurin VI
78%
DNaugrimDurin VII
78%
ONaugrimÓin
78%
BEdainBeren Erchamion
75%
BEdainBëor the Old
74%
BNaugrimBifur
74%
BNaugrimBofur
74%
TSindarinThranduil
74%
ENúmenóreanElendil
73%
FNoldorinFëanor
73%
LSindarinLúthien Tinúviel
73%
MValarManwë Súlimo
73%
SUngoliant's SpawnShelob
73%
ENúmenóreanTar-Elendil
73%
WTrollWilliam
73%
DNaugrimDwalin
72%
NNaugrimNori
72%
ONaugrimOri
72%
WNazgûlThe Witch-King of Angmar
72%
BManBill Ferny
71%
BPonyBill the Pony
71%
SMearasShadowfax
71%
DNaugrimDori
69%
TEdainTuor
69%
HEdainHúrin Thalion
68%
TNaugrimThráin I
68%
TNaugrimThráin II
68%
EPeredhilElros Tar-Minyatur
67%
DStoorDéagol
66%
EGodEru Ilúvatar
66%
FNoldorinFingolfin
66%
TEdainTúrin Turambar
66%
EPeredhilEärendil
65%
ESindarinElwë
65%
UUnknownUngoliant
65%
BManBard the Bowman
64%
BBeorningBeorn
64%
GNoldorinGlorfindel
64%
GManGríma Wormtongue
64%
TNaugrimThrór
64%
AValarAulë
63%
CNoldorinCelebrimbor
63%
UValarUlmo
63%
YValarYavanna Kementári
63%
FNoldorinFinwë
62%
DNaugrimDáin I
61%
DNaugrimDáin II Ironfoot
61%
GBalrog | OrcGothmog
60%
VValarVarda Elentári
60%
DBalrogDurin's Bane
59%
FNoldorinFinarfin
59%
FNoldorinFinrod Felagund
59%
NValarNámo
59%
OValarOromë
59%
RPeriannathRosie Cotton
59%
GNoldorinEreinion Gil-galad
58%
GDragonGlaurung
58%
HEdain | SilvanHaldir
58%
HEdainHuor
58%
TManThéodred
58%
CFalathrimCírdan the Shipwright
57%
AFire-DrakeAncalagon the Black
56%
MNoldorinMaedhros the Tall
56%
MMaiarMelian the Maia
56%
TValarTulkas
56%
GEagleGwaihir
55%
LPeriannathLobelia Sackville-Baggins
55%
AOrcAzog the Defiler
54%
EPeredhilElrohir
54%
PNúmenóreanAr-Pharazôn
53%
CSindarin, NoldorinCelebrían
53%
ENoldorinEcthelion of the Fountain
53%
FNoldorinFingon
53%
GUnknownGoldberry
52%
EPeredhilElladan
51%
TNoldorinTurgon
51%
CNoldorinCurufin
50%
EPeredhilElwing
50%
HWolfhoundHuan
50%
BOrcBolg
49%
INoldorinIdril Celebrindal
49%
IValarIrmo
49%
BManBrego
48%
PIstariPallando
48%
BSindarinBeleg Cúthalion
47%
HManHáma
47%
MNoldorinMaglor
47%
MNoegyth NibinMîm the Dwarf
47%
NValarNienna
47%
TEagleThorondor
47%
ANúmenóreanAnárion
46%
BTrollBert
46%
OFalmarinOlwë
46%
DPeredhilDior Eluchíl
45%
DPeriannathDrogo Baggins
45%
EAvarinEöl
45%
EManEorl the Young
45%
MAvarin, NoldorinMaeglin
45%
NValarNessa
45%
NEdainNiënor Níniel
45%
VValarVána
45%
ANoldorinAmrod
44%
MEdainMorwen Eledhwen
44%
SOrcShagrat
44%
WPeriannathWill Whitfoot
44%
BEdainBarahir
43%
CNoldorinCelegorm the Fair
43%
EValarEstë
43%
ONoldorinOrodreth
43%
ANoldorinAegnor
42%
BManBrand
42%
CNoldorinCaranthir the Dark
42%
FNoldorinFinduilas
42%
FDúnedainFinduilas of Dol Amroth
42%
HPeriannathHamfast Gamgee
42%
IDúnedainImrahil the Fair
42%
LPeriannathLotho Sackville-Baggins
42%
MNoldorinMíriel Therindë
42%
MBlack NúmenóreanThe Mouth of Sauron
42%
UOrcUglúk
42%
AIstariAlatar
41%
ANoldorinAmras
41%
CWerewolfCarcharoth
41%
GManGamling
41%
HEdainHaleth
41%
BManBarliman Butterbur
40%
BEntBregalad
40%
HManHelm Hammerhand
40%
IVanyarinIngwë Ingweron
40%
KNazgûlKhamûl
40%
OMaiarOssë
40%
VValarVairë
40%
ANoldorinAredhel
39%
EMaiarEönwë
39%
OPeriannathOtho Sackville-Baggins
39%
BPeriannathBelladonna Took
38%
EFalmarinEärwen
38%
HEdainHador Lórindol
38%
PNúmenóreanTar-Palantir
38%
FPeriannathFredegar "Fatty" Bolger
37%
IVanyarinIndis the Fair
37%
EManÉomund
36%
GOrcGrishnákh
36%
ANoldorinAngrod
35%
BManBeregond
35%
FPeriannathFarmer Maggot
35%
PPeriannathPaladin II Took
35%
SLong-wormScatha
35%
BEdainBregolas
34%
DNaugrimDís
34%
EPeriannathElanor Gardner
34%
KNoegyth NibinKhîm
34%
UMaiarUinen
34%
BPeriannathBungo Baggins
33%
DSindarinDaeron
33%
FNaugrimFundin
33%
GNoldorinGildor Inglorion
33%
GNoldorinGwindor
33%
MSindarinMablung of the Heavy Hand
33%
NNaugrimNáin I
33%
NNaugrimNáin II
33%
UEdainUrwen
33%
ANúmenóreanAmandil
32%
ASindarinAmroth
32%
AMaiarArien
32%
GPeriannathGerontius "the Old" Took
32%
WUnknownThe Watcher in the Water
32%
TVampireThuringwethil
32%
VNúmenóreanValandil of Andúnië
32%
VNúmenóreanValandil of Arnor
32%
EDúnedainEldarion Telcontar
31%
MManMardil Voronwë
31%
OSindarinOropher
31%
TMaiarTilion
31%
DWerewolfDraugluin
30%
GDrúedainGhân-buri-Ghân
30%
GOrcGorbag
30%
REdainRían
30%
RNoldorin | SilvanRúmil
30%
SMearasSnowmane
30%
UEasterlingUlfang
30%
VNoldorinVoronwë
30%
ADúnedainArvedui
29%
NNandorinNimrodel
29%
BPeriannathBandobras "Bullroarer" Took
28%
LEagleLandroval
28%
NNoldorinNerdanel the Wise
28%
NSindarinNimloth
28%
OHuornOld Man Willow
28%
AHorseAsfaloth
27%
ANaugrimAzaghâl
27%
BEdainBrandir the Lame
27%
ENoldorinElenwë
27%
EPeredhilEluréd
27%
LNandorinLenwë
27%
NHorseNahar
27%
ENúmenóreanEärnur
26%
EPeredhilElurín
26%
EManErkenbrand
26%
FNoldorinFindis
26%
HDúnedainHalbarad
26%
SLaiquendiSaeros
26%
ANúmenóreanTar-Aldarion
26%
ANoldorinArgon
25%
BEdainBaragund
25%
EElvenErestor
25%
INoegyth NibinIbûn
25%
MNoldorinMahtan
25%
NNaugrimNarvi
25%
TNaugrimTelchar
25%
UEasterlingUldor the Accursed
25%
BEdainBelegund
24%
BEasterlingBrodda
24%
IMaiarIlmarë
24%
OSilvanOrophin
24%
SNúmenóreanSilmariën
24%
ANúmenóreanTar-Ancalimë
24%
AManÆlfwine
23%
ANúmenóreanAr-Adûnakhôr
23%
BManBergil
23%
GDúnedainGilraen
23%
TTatyarinTata
23%
FEntFimbrethil
22%
GManGrimbold
22%
INoldorinÍrimë
22%
PPeriannathPrimula Brandybuck
22%
ANoldorinAnairë
21%
BEntBeechbone
21%
ENúmenóreanEärendur
21%
ESindarinElmo
21%
GManGirion
21%
GNaugrimGrór
21%
TTatyarinTatië
21%
EManElfwine the Fair
20%
FMearasFelaróf
20%
FEntFinglas
20%
HEdainHaldad
20%
HEdainHareth
20%
MEagleMeneldor
20%
BManQueen Berúthiel
20%
ANúmenóreanTar-Ancalimon
20%
TPeriannathTed Sandyman
20%
AEdainAerin
19%
ADúnedainArgeleb II
19%
ADúnedainArveleg I
19%
ADúnedainArveleg II
19%
CManCastamir the Usurper
19%
CManCirion
19%
DEdainDorlas
19%
EManElfhelm
19%
GEdainGlóredhel
19%
ANúmenóreanTar-Atanamir the Great
19%
BEdainBregor
18%
FEntFladrif
18%
GEdainGorlim the Unhappy
18%
MEdainMarach
18%
AManAldor the Old
17%
EEdainEmeldir the Manhearted
17%
ENelyarinEnel
17%
FNaugrimFrerin
17%
HNúmenóreanHyarmendacil I
17%
IMinyarinImin
17%
BManBaldor
16%
ENelyarinEnelyë
16%
FManForlong the Fat
16%
IMinyarinIminyë
16%
ONúmenóreanOhtar
16%
ADúnedainAraphant
15%
EEdainEilinel
15%
FNúmenóreanFíriel
15%
GOrcGolfimbul
15%
DManDéorwine
14%
FManFréaláf Hildeson
14%
LDúnedainLothíriel
14%
DPeriannathDiamond "of Long Cleeve" Took
13%
ENúmenóreanEldacar
13%
PNoldorin, SindarinPengolodh
13%
AManAnborn
12%
BPeriannathBucca of the Marish
12%
FPeriannathFastred of Greenholm
12%
GNaugrimGamil Zirak
12%
MDúnedainMalbeth the Seer
12%
ADúnedainAmlaith
11%
AEdainAndróg
11%
GDúnedainGalador
10%
GEdainGaldor the Tall
10%
ADúnedainAranarth
8%

Score Distribution

Percentile by Number Answered

Percent of People with Each Score

Your Score History

You have not taken this quiz since the last reset